La escolarización de la vida cotidiana: de la sociedad al mercado

Salvato in:
Dettagli Bibliografici
Autore principale: Pardo Angulo, Marta Eugenia
Natura: testo
Pubblicazione: San José :
Soggetti:
Tags: Aggiungi Tag
Nessun Tag, puoi essere il primo ad aggiungerne!!

MARC

LEADER 00000 a a2200000 04500
001 18836
003
040
090 |a 144516  
100 |a Pardo Angulo, Marta Eugenia  
245 |a La escolarización de la vida cotidiana: de la sociedad al mercado  
260 |a San José :  
300 |a 22 p.  
650 |a EDUCACION  
650 |a ASPECTOS EDUCATIVOS  
650 |a SISTEMAS DE ENSEÑANZA  
650 |a ESCOLARIDAD  
650 |a CALIDAD DE LA VIDA  
650 |a DESARROLLO HUMANO  
999 |c 11822  |d 11822